Alle Songs aus dem Album "Schlagschatten" von AnnenMayKantereit - Statistiken

Allgemein
  • Dieses Quiz wurde 64 mal gespielt
  • Das Durchschnittsergebnis liegt bei 9 aus 14
Antwortstatistiken
Songtitel
% Korrekt
Schlagschatten
92%
Marie
81%
Ich geh heut nicht mehr tanzen
73%
Sieben Jahre
71%
Jenny Jenny
69%
Vielleicht Vielleicht
69%
Weiße Wand
65%
Du bist anders
60%
In meinem Bett
60%
Nur wegen dir
58%
Schon krass
58%
Alle Fragen
54%
Freitagabend
54%
Hinter klugen Sätzen
54%
Keine übereinstimmenden Quizze gefunden
Verteilung der Resultate
Anzahl Personen mit jedem Resultat
Perzentil nach korrekt beantworteten Fragen
Ihre Resultats-Entwicklung
Sie haben dieses Quiz noch nicht gespielt